Horsey General Knowledge - Statistics

General Stats
  • This quiz has been taken 323 times
    322 since last reset
  • The average score is 15 of 19
Answer Stats
Hint Answer % Correct
Do you mount the horse from the left or the right? Left
99%
A female horse is called a ....... Mare
97%
Are they omnivores or herbivores Herbivores
96%
Can horses throw up? No
96%
A male horse is called a ....... Stallion / Gelding
96%
Do horses have hair or fur? Hair
95%
Do horses have better memories than elephants? Yes
95%
A young male horse is called a ....... Colt
94%
A baby horse is called a ....... Foal
94%
What is a horse with a horn called? Unicorn
94%
A horse 14.2hh and under is called a ....... Pony
93%
A young female horse is called a ....... Filly
92%
What is the name of a person who puts shoes on a horse? Farrier - NOT a blacksmith
90%
And a horse with wings? Pegasus
88%
Do horses sleep lying down or standing up? Both
69%
Name a desert horse Arabian / Akhal-Teke
65%
The average racehorse can run (approx) how fast? 40 mph / 65 kph
63%
Only a few people know that a horse with wings and a horn is called a ....... Pegacorn or if your being boring, Winged Unicorn
22%
How many teeth does an adult horse have? (roughly, not many people will know this) 36-44
2%
No matching quizzes found
Score Distribution
Percent of People with Each Score
Percentile by Number Answered
Your Score History
You have not taken this quiz since the last reset